<?xml version="1.0" encoding="UTF-8"?>
<record
    xmlns:xsi="http://www.w3.org/2001/XMLSchema-instance"
    xsi:schemaLocation="http://www.loc.gov/MARC21/slim http://www.loc.gov/standards/marcxml/schema/MARC21slim.xsd"
    xmlns="http://www.loc.gov/MARC21/slim">

  <leader>01185nam a22002177a 4500</leader>
  <controlfield tag="005">20260209120735.0</controlfield>
  <controlfield tag="008">240625b     mx |||||||| |||| 00| 0 spa d</controlfield>
  <datafield tag="020" ind1=" " ind2=" ">
    <subfield code="a">9786076105801 (v.6)</subfield>
  </datafield>
  <datafield tag="050" ind1="0" ind2="4">
    <subfield code="a">KGF5819</subfield>
    <subfield code="b">T46 2017</subfield>
  </datafield>
  <datafield tag="100" ind1="1" ind2=" ">
    <subfield code="a">Valadez D&#xED;az, Manuel</subfield>
  </datafield>
  <datafield tag="245" ind1="1" ind2="0">
    <subfield code="a">Temas selectos del sistema acusatorio</subfield>
    <subfield code="c"> / Manuel Valadez D&#xED;az, Carlos Enrique Guzman Gonz&#xE1;lez ; pr&#xF3;logo Rub&#xE9;n Quintero Zepeda</subfield>
  </datafield>
  <datafield tag="250" ind1=" " ind2=" ">
    <subfield code="a">1a ed.</subfield>
  </datafield>
  <datafield tag="260" ind1=" " ind2=" ">
    <subfield code="a">M&#xE9;xico :</subfield>
    <subfield code="b">Flores Editor y Distribuidor,</subfield>
    <subfield code="c">2017</subfield>
  </datafield>
  <datafield tag="300" ind1=" " ind2=" ">
    <subfield code="a">xvi, 223 p. ;</subfield>
    <subfield code="c">21 cm.</subfield>
  </datafield>
  <datafield tag="490" ind1="0" ind2=" ">
    <subfield code="a">Colecci&#xF3;n Temas Selectos del Sistema Acusatorio </subfield>
  </datafield>
  <datafield tag="505" ind1="1" ind2=" ">
    <subfield code="t">V.1 El control de detenci&#xF3;n por flagrancia o caso urgente --</subfield>
    <subfield code="t">V.2 La formulaci&#xF3;n de imputaci&#xF3;n --</subfield>
    <subfield code="t">V.3 Medidas cautelares --</subfield>
    <subfield code="t">V.4 El auto de vinculaci&#xF3;n a proceso --</subfield>
    <subfield code="t">V.5 Los actos de investigaci&#xF3;n --</subfield>
    <subfield code="t">V.6 Teor&#xED;a del delito y sistema acusatorio --</subfield>
    <subfield code="t">V.7 Etapa intermedia --</subfield>
    <subfield code="t">V.8 Acuerdos reparatorios y suspensi&#xF3;n condicional del proceso --</subfield>
    <subfield code="t">V.9 Procedimiento abreviado --</subfield>
    <subfield code="t">V.10 Juicio oral.</subfield>
  </datafield>
  <datafield tag="650" ind1=" " ind2="7">
    <subfield code="2">lemb</subfield>
    <subfield code="a">Procedimiento penal</subfield>
    <subfield code="z">M&#xE9;xico</subfield>
  </datafield>
  <datafield tag="700" ind1="1" ind2=" ">
    <subfield code="a">Guzm&#xE1;n Gonz&#xE1;lez, Carlos Enrique,</subfield>
    <subfield code="e">autor</subfield>
  </datafield>
  <datafield tag="700" ind1="1" ind2=" ">
    <subfield code="a">Quintino Zepeda, Rub&#xE9;n,</subfield>
    <subfield code="e">prologuista</subfield>
  </datafield>
  <datafield tag="942" ind1=" " ind2=" ">
    <subfield code="2">lcc</subfield>
    <subfield code="c">LIB</subfield>
  </datafield>
  <datafield tag="999" ind1=" " ind2=" ">
    <subfield code="c">104700</subfield>
    <subfield code="d">104700</subfield>
  </datafield>
  <datafield tag="952" ind1=" " ind2=" ">
    <subfield code="1">0</subfield>
    <subfield code="2">lcc</subfield>
    <subfield code="4">0</subfield>
    <subfield code="7">0</subfield>
    <subfield code="a">UCIH</subfield>
    <subfield code="b">UCIH</subfield>
    <subfield code="c">SPCF</subfield>
    <subfield code="d">2026-02-09</subfield>
    <subfield code="e">DGB-GENERADO</subfield>
    <subfield code="f">1a ed.</subfield>
    <subfield code="h">V:6</subfield>
    <subfield code="k">CSA</subfield>
    <subfield code="l">0</subfield>
    <subfield code="o">KGF5819 T46 r2026</subfield>
    <subfield code="p">BCU000025261</subfield>
    <subfield code="r">2026-02-09 12:10:00</subfield>
    <subfield code="t">1</subfield>
    <subfield code="v">214.50</subfield>
    <subfield code="y">LIB</subfield>
    <subfield code="z">Seguridad P&#xFA;blica y Ciencias Forenses</subfield>
  </datafield>
  <datafield tag="952" ind1=" " ind2=" ">
    <subfield code="1">0</subfield>
    <subfield code="2">lcc</subfield>
    <subfield code="4">0</subfield>
    <subfield code="7">0</subfield>
    <subfield code="a">UCIH</subfield>
    <subfield code="b">UCIH</subfield>
    <subfield code="c">SPCF</subfield>
    <subfield code="d">2026-02-09</subfield>
    <subfield code="e">DGB-GENERADO</subfield>
    <subfield code="f">1a ed.</subfield>
    <subfield code="h">V:6</subfield>
    <subfield code="k">CSA</subfield>
    <subfield code="l">0</subfield>
    <subfield code="o">KGF5819 T46 r2026</subfield>
    <subfield code="p">BCU000025262</subfield>
    <subfield code="r">2026-02-09 12:10:00</subfield>
    <subfield code="t">2</subfield>
    <subfield code="v">214.50</subfield>
    <subfield code="y">LIB</subfield>
    <subfield code="z">Seguridad P&#xFA;blica y Ciencias Forenses</subfield>
  </datafield>
</record>
